गीता भाष्य नवाम्बरा (Record no. 1023719)

MARC details
000 -LEADER
fixed length control field 00909nam a2200265Ia 4500
003 - CONTROL NUMBER IDENTIFIER
control field OSt
005 - DATE AND TIME OF LATEST TRANSACTION
control field 20221005112049.0
008 - FIXED-LENGTH DATA ELEMENTS--GENERAL INFORMATION
fixed length control field 221004b |||||||| |||| 00| 0 san d
037 ## - SOURCE OF ACQUISITION
Terms of availability Textual
040 ## - CATALOGING SOURCE
Original cataloging agency CRL
Transcribing agency CRL
Language of cataloging san
041 ## - LANGUAGE CODE
Source of code san
Language code of text/sound track or separate title san
100 ## - MAIN ENTRY--PERSONAL NAME
Personal name शास्त्री, शिवनारायण
245 #0 - TITLE STATEMENT
Title गीता भाष्य नवाम्बरा
246 ## - VARYING FORM OF TITLE
Title proper/short title Gītā bhāṣhya navāmbarā
260 ## - PUBLICATION, DISTRIBUTION, ETC.
Place of publication, distribution, etc. वारारणसी
Name of publisher, distributor, etc. भारतीय ुुुभारत
Date of publication, distribution, etc. 1973
300 ## - PHYSICAL DESCRIPTION
Extent 186चण्
Dimensions cm.
650 ## - SUBJECT ADDED ENTRY--TOPICAL TERM
Topical term or geographic name entry element भगवत् गीता
942 ## - ADDED ENTRY ELEMENTS (KOHA)
Classification part R65,6x, 152L3
Koha item type Textual
Source of classification or shelving scheme
Holdings
Withdrawn status Lost status Damaged status Not for loan Home library Current library Date acquired Source of acquisition Total Checkouts Full call number Barcode Date last seen Price effective from Koha item type
        Central Library Central Library 2022-10-05 Gift, 19/07/2019,   R65,6x 152L3 CL1513005 2022-10-05 2022-10-05 Textual
Copyright @ Delhi University Library System